The Beatles - With the Beatles (Tracks) - Statistics

General Stats
  • This quiz has been taken 47 times
  • The average score is 9 of 14
Answer Stats
Track Number Track Name % Correct
3 All My Loving
93%
14 Money (That's What I Want)
85%
1 It Won't Be Long
81%
4 Don't Bother Me
70%
12 Devil In Her Heart
67%
11 I Wanna Be Your Man
67%
5 Little Child
67%
7 Please Mr. Postman
63%
8 Roll Over Beethoven
63%
6 Till There Was You
63%
10 You Really Got a Hold on Me
59%
2 All I've Got to Do
52%
9 Hold Me Tight
52%
13 Not a Second Time
52%
No matching quizzes found
Score Distribution
Percent of People with Each Score
Percentile by Number Answered
Your Score History
You have not taken this quiz